Surveying theory and practice, (Record no. 544191)
[ view plain ]
| 000 -LEADER | |
|---|---|
| fixed length control field | 00685cam a22002051 4500 |
| 003 - CONTROL NUMBER IDENTIFIER | |
| control field | NUST |
| 005 - DATE AND TIME OF LATEST TRANSACTION | |
| control field | 20240626094410.0 |
| 082 ## - DEWEY DECIMAL CLASSIFICATION NUMBER | |
| Classification number | 526.9 |
| Author Mark | DAV |
| 100 1# - MAIN ENTRY--PERSONAL NAME | |
| Personal name | Davis, Raymond Earl, |
| 9 (RLIN) | 39624 |
| 245 00 - TITLE STATEMENT | |
| Title | Surveying theory and practice, |
| Statement of responsibility, etc. | by Raymond E. Davis and Francis S. Foote. |
| 250 ## - EDITION STATEMENT | |
| Edition statement | 3d ed. |
| 260 ## - PUBLICATION, DISTRIBUTION, ETC. | |
| Place of publication, distribution, etc. | New York, |
| -- | London, |
| Name of publisher, distributor, etc. | McGraw-Hill book company, inc., |
| Date of publication, distribution, etc. | 1940. |
| 300 ## - PHYSICAL DESCRIPTION | |
| Extent | xxvii, 1032 p. incl. illus., tables. maps (1 double) diagrs. (1 double) |
| Dimensions | 20 cm. |
| 500 ## - GENERAL NOTE | |
| General note | "References" at end of most of the chapters. |
| 526 ## - STUDY PROGRAM INFORMATION NOTE | |
| Program name | 0 |
| Interest level | 0 |
| Reading level | 0 |
| Title point value | 526_900000000000000_DAV |
| 650 #0 - SUBJECT ADDED ENTRY--TOPICAL TERM | |
| Topical term or geographic name entry element | MCE |
| 9 (RLIN) | 379 |
| 650 #0 - SUBJECT ADDED ENTRY--TOPICAL TERM | |
| Topical term or geographic name entry element | Surveying. |
| 700 1# - ADDED ENTRY--PERSONAL NAME | |
| Personal name | Foote, Francis S. |
| 9 (RLIN) | 39625 |
| 942 ## - ADDED ENTRY ELEMENTS (KOHA) | |
| Source of classification or shelving scheme | |
| Koha item type | Book |
| Withdrawn status | Lost status | Source of classification or shelving scheme | Damaged status | Not for loan | Permanent Location | Current Location | Date acquired | Total Checkouts | Full call number | Barcode | Date last seen | Price effective from | Koha item type |
|---|---|---|---|---|---|---|---|---|---|---|---|---|---|
| Military College of Engineering (MCE) | Military College of Engineering (MCE) | 04/15/2014 | 526.9 DAV | MCE-29460 | 04/15/2014 | 04/15/2014 | Book |
